1973 1197 1492 1187 1775 1911 1646 1013 1134 1061 1831 1425 1159 1783 1484 1721 1480 1876 1821 1572 1087 1090 1326 1387 1491 1246 1627 1541 1295 1156 1969 1235 1795 1421 1174 1210 1475 1996 1405 1260 1831 1217 1177 1244 1081 1251 1276 1499 1598 1687 1913 1034 1197 1187 1412 1498 1954 1701 1473 1604 1345 1605 1342 1693 1023 1713 1276 1323 1778 1075 1959 1433 1288 1044 1079 1316 1504 1046 1025 1788 1119 1985 1248 1870 1819 1216 1519 1691 1784 1570 1383 1288 1808 1734 1075 1882 1021 1591 1174 BCNSPRNW ULIB Ver.6.0+V

เปลี่ยนเป็นภาษาไทย

Change to English
 แสดงรายละเอียดบรรณานุกรม
  กลับหน้าหลัก

Brief Record : Get Marc (ISO 2709) : E-mail record : QR code < ปิดหน้าต่าง
LEADER : 00000nam 2200000uu 4500
001    13399120864
003     ULIB
008    121019s2546||||th 000 0 tha d
020    ^a9786165510431
060 04 ^aWS366^bว287ป 2546
245 00 ^aปัญหาที่พบบ่อยในเด็ก :^bแนวทางการดูแลรักษา /^cนวลจันทร์ปราบพาล ... [และคนอื่นๆ] บรรณาธิการ
250    ^aพิมพ์ครั้งที่ 1
260    ^aกรุงเทพฯ :^bภาควิชากุมารเวชศาสตร์ คณะแพทยศาสตร์จุฬาลงกรณ์มหาวิทยาลัย,^c2546
300    ^ax, 774 หน้า :^bภาพประกอบ ;^c21 ซม.
650  7 ^aกุมารเวชศาสตร์
650  7 ^aเด็ก^xการดูแล
650  7 ^aเด็ก^xสุขภาพและอนามัย
650  7 ^aเด็ก, โรค^xการป้องกันและรักษา
700 0  ^aนวลจันทร์ ปราบพาล,^eบรรณาธิการ
710 2  ^aจุฬาลงกรณ์มหาวิทยาลัย. ^bคณะแพทยศาสตร์.^bภาควิชากุมารเวชศาสตร์
945    ^p0^l0^i12712
945    ^p250^l0^i12713
945    ^p250^l0^i12714
945    ^p250^l0^i12715
945    ^p250^l0^i12716
945    ^p250^l0^i12182
945    ^p250^l0^i14137
995    ^aกัณชพร
999 ^a ใช้งานได้ทุกระบบ
รายการนี้ยังไม่มีแท็ก
คุณยังไม่ได้ล็อกอิน คุณสามารถมีกิจกรรมร่วมกับเว็บไซต์ได้ แต่ต้องล็อกอินก่อน ::
  ล็อกอิน

รายการสื่อสารสนเทศ

ลำดับที่ ประเภท เลขเรียก/บาร์โค้ด สถานที่ สถานะ
1. วิทยาศาสตร์การแพทย์ และสุขภาพ
วิทยาศาสตร์การแพทย์ และสุขภาพ
WS366 ว287ป 2546  
  Barcode: 12712
ห้องสมุดวิทยาเขตสวรรค์ประชารักษ์
►หนังสือทั่วไป
บนชั้น
2. วิทยาศาสตร์การแพทย์ และสุขภาพ
วิทยาศาสตร์การแพทย์ และสุขภาพ
WS366 ว287ป 2546 ฉ.2 
  Barcode: 12713
ห้องสมุดวิทยาเขตสวรรค์ประชารักษ์
►หนังสือทั่วไป
บนชั้น
3. วิทยาศาสตร์การแพทย์ และสุขภาพ
วิทยาศาสตร์การแพทย์ และสุขภาพ
WS366 ว287ป 2546 ฉ.3 
  Barcode: 12714
ห้องสมุดวิทยาเขตสวรรค์ประชารักษ์
►หนังสือทั่วไป
บนชั้น
4. วิทยาศาสตร์การแพทย์ และสุขภาพ
วิทยาศาสตร์การแพทย์ และสุขภาพ
WS366 ว287ป 2546 ฉ.4 
  Barcode: 12715
ห้องสมุดวิทยาเขตสวรรค์ประชารักษ์
►หนังสือทั่วไป
บนชั้น
5. วิทยาศาสตร์การแพทย์ และสุขภาพ
วิทยาศาสตร์การแพทย์ และสุขภาพ
WS366 ว287ป 2546 ฉ.5 
  Barcode: 12716
ห้องสมุดวิทยาเขตสวรรค์ประชารักษ์
►หนังสือทั่วไป
บนชั้น
6. วิทยาศาสตร์การแพทย์ และสุขภาพ
วิทยาศาสตร์การแพทย์ และสุขภาพ
WS366 ว287ป 2546 ฉ.6 
  Barcode: 12182
ห้องสมุดวิทยาเขตสวรรค์ประชารักษ์
►หนังสือทั่วไป
บนชั้น
7. วิทยาศาสตร์การแพทย์ และสุขภาพ
วิทยาศาสตร์การแพทย์ และสุขภาพ
WS366 ว287ป 2546 ฉ.7 
  Barcode: 14137
ห้องสมุดวิทยาเขตสวรรค์ประชารักษ์
►หนังสือทั่วไป
บนชั้น

รายการใกล้เคียง
    หัวเรื่อง [กุมารเวชศาสตร์]
    หัวเรื่อง [เด็ก การดูแล]

BibComment


ยังไม่เคยถูกคอมเมนท์

คอมเมนท์ทรัพยากรรายการนี้
  คอมเมนท์: ปัญหาที่พบบ่อยใน..


 Copyright 2026. Bcnsprnw @Library